MESTSKÁ KNIŽNICA GIRALTOVCE  - online katalóg 

Kritika gothajského programu (Record no. 15558)

000 -NÁVESTIE
fixed length control field 01249nam a2200301 a 4500
008 - ÚDAJE S PEVNOU DĹŽKOU – VŠEOBECNÉ INFORMÁCIE
fixed length control field 951212s1978||||[C 0 slo c
020 ## - MEDZINÁRODNÉ ŠTANDARDNÉ ČÍSLO KNIHY (ISBN)
Údaje o dostupnosti 4 Kčs.
Qualifying information (5000 výtl.)
040 ## - ZDROJ KATALOGIZÁCIE
Pôvodná katalogizujúca agentúra SNK
Jazyk katalogizácie slo
Prepisujúca agentúra SNK
Konvencie popisu AACR2
041 1# - KÓD JAZYKA
Kód jazyka textu/zvukovej stopy alebo samostatných nápisov slo
Kód jazyka originálu a/alebo sprostredkujúcich prekladov textu ger
044 ## - KÓD KRAJINY VYDAVATEĽA/PRODUCENTA
Kód krajiny MARC xo
Kód krajiny ISO SK
080 ## - ČÍSLO MEDZINÁRODNÉHO DESATINNÉHO TRIEDENIA (MDT)
Číslo Medzinárodného desatinného triedenia (MDT) 1 100.1(035.3)
100 1# - OSOBNÉ MENÁ – VŠEOBECNÉ INFORMÁCIE
Osobné meno Marx, Karl
Kód roly aut
245 10 - NÁZOV
Názov Kritika gothajského programu
Zvyšok názvu s Marxovými, Engelsovými a Leninovými prácami a listami o programe nemeckej sociálnej demokracie. Prílohy: Programové
Údaj o zodpovednosti atď. Karl Marx ; Ján Pleva, Pavol Musil, Dušan Plachtinský, Jana Rakšányiová, Viera Triznová, Ján Žigo, Emil Bačík, Oľga Urbaníková
250 ## - ÚDAJ O PORADÍ VYDANIA
Údaj o poradí vydania 1., vyd.
260 ## - VYDAVATEĽSKÉ ÚDAJE, DISTRIBÚCIA ATĎ.
Miesto publikovania, distribúcie atď. Bratislava
Názov vydavateľa, distibútora atď. Pravda
Miesto publikovania, distribúcie atď. S.l.
Názov vydavateľa, distibútora atď. , b.t. [vyd.]
Dátum publikovania, distribúcie atď. 1978
300 ## - FYZICKÝ POPIS
Rozsah 125 s., 6,55 AH
Rozmery 20 cm
490 0# - EDÍCIA
Edícia Knižnica marxizmu-leninizmu
500 ## - VŠEOBECNÁ POZNÁMKA
Formátovaná poznámka o obsahu Lit. 54. Spoluvyd. Progress, Moskva. Tlač. v ZSSR. Pozn. Men. reg. 54 zázn. lit. o knihách a čas. v jaz. slov., rus., nem. a franc.
700 1# - PRIDANÝ VSTUP – OSOBNÉ MENO
Osobné meno Pleva, Ján
Kód roly com
700 1# - PRIDANÝ VSTUP – OSOBNÉ MENO
Osobné meno Musil, Pavol
Kód roly trl
700 1# - PRIDANÝ VSTUP – OSOBNÉ MENO
Osobné meno Plachtinský, Dušan
Kód roly trl
700 1# - PRIDANÝ VSTUP – OSOBNÉ MENO
Osobné meno Rakšányiová, Jana
Kód roly trl
700 1# - PRIDANÝ VSTUP – OSOBNÉ MENO
Osobné meno Triznová, Viera
Kód roly trl
700 1# - PRIDANÝ VSTUP – OSOBNÉ MENO
Osobné meno Žigo, Ján
Kód roly trl
700 1# - PRIDANÝ VSTUP – OSOBNÉ MENO
Osobné meno Bačík, Emil
Kód roly bkd
700 1# - PRIDANÝ VSTUP – OSOBNÉ MENO
Osobné meno Urbaníková, Oľga
Kód roly bkd
958 ## - Formálny deskriptor
Formálny deskriptor A
Holdings
Stav stiahnutia (Blokovanie) (Withrawn status) Stav straty Stav poškodenia (Damaged status) Nie pre výpožičky (Not for loan) Spôsob nadobudnutia (Collection code) Trvalé umiestnenie Aktuálne umiestnenie Dátum nadobudnutia Náklady, bežná kúpna cena Inventárne číslo (prírastkové číslo) Full call number Dátum posledného výskytu Cena s účinnosťou od Typ jednotky Koha
Vyradený       Kúpa Mestská knižnica Giraltovce Mestská knižnica Giraltovce 2019-11-29 4.00 14581 K 128 2019-11-29 2019-11-29 Odborná literatúra pre dospelých

Powered by Koha